000 00159nam a2200061Ia 4500
999 _c10457
_d10457
003 OSt
005 20230408141054.0
008 170523s9999 xx 000 0 und d
040 _cIIMT UNIVERSITY
100 _aKOONTZ- HARDD
245 0 _aESSENTIALS MANAGEMENT
260 _aNEW DELHI
_bTMH
_c2011
300 _a464
942 _2ddc
_c02